| 000 | 01036nam a22002417a 4500 | ||
|---|---|---|---|
| 001 | 1225 | ||
| 005 | 20230808150330.0 | ||
| 008 | 230808b cb ||||| |||| 00| 0 eng d | ||
| 020 | _a0762412747 | ||
| 040 |
_aFISKH _beng _cFISKH _dFISKH |
||
| 050 | _aPZ7.G3855 | ||
| 082 | _a513.211 | ||
| 100 | _aGallup, Joan | ||
| 245 |
_aSilly 123s _cby Joan Gallup |
||
| 260 |
_aPhiladelphia : _bRunning Press Book Publishers, _c2002. |
||
| 300 |
_a44 unnumbered pages : _c34 x 26 cm. |
||
| 505 | _aB | ||
| 520 | _a"This wonderfully engaging book asks young children to locate and count an assortment of objects placed in scenes with silly animals. It presents reproductions of eleven spectacular double-spread oil paintings framed with Joan Gallup's unique sculpted clay borders, along with plenty of her charming characters and creations. This beautiful gift edition is designed to become a childhood favorite!" - Library Thing | ||
| 521 |
_a100
_bLexile estimate |
||
| 521 |
_aB
_bRaz-Plus |
||
| 650 | _2counting | ||
| 942 |
_2ddc _cBK _n0 |
||
| 999 |
_c1225 _d1225 |
||